| 000 | 00759nam a2200217 i 4500 | ||
|---|---|---|---|
| 001 | bg | ||
| 100 | 1 | _aHABUDA, Ludwik | |
| 245 | 1 | 0 |
_aRządzący rządzeni : _btotalitaryzm w stosunkach władzy w PRL / _cLudwik Habuda. |
| 260 |
_aOpole : _bOficyna Wydawnicza PO, _c2001. |
||
| 300 |
_a288 s. ; _c24 cm. |
||
| 490 | 1 |
_aStudia i Monografie / Politechnika Opolska, _x1429-6063 ; _vz. 125 |
|
| 504 | _aBibliogr. | ||
| 650 | 9 |
_aTotalitaryzm _xsocjologia _zPolska _y1944-1989 r. |
|
| 651 | 9 |
_aPolska _xpolityka wewnętrzna _y1944-1989 r. |
|
| 830 | 0 |
_aStudia i Monografie (Politechnika Opolska) ; _vz. 125 |
|
| 040 | _cBPK | ||
| 041 | 0 | _apl | |
| 080 | _a321.64:316.334.3:316.6:316.75](438)"1944/1989" | ||
| 942 | _cKS | ||
| 008 | s pl f |000 0 pol | ||
| 999 |
_c40879 _d40879 |
||
| 856 |
_uhttp://koha.tu.koszalin.pl/cgi-bin/koha/opac-detail.pl?biblionumber=40879 _yKatalog online BPK |
||